Jak język mówi Mickiewiczem w "Panu Tadeuszu"
| Titel: | Jak język mówi Mickiewiczem w "Panu Tadeuszu" |
|---|---|
| Verfasser: | |
| In: |
Wrocławskie Towarzystwo Naukowe. Komisja Językowa: Rozprawy Komisji Językowej, Band 23 (1977), Seite 139-149 alle Artikel anzeigen |
| Veröffentlicht: | 1977 |
| Format: | Aufsatz |
| Sprache: | Polnisch |
X
alg: 39244228
001A $01999:11-11-16
001B $01999:12-07-19 $t16:13:47.000
001C $06050:19-11-16 $t08:50:35.000
001D $01999:11-11-16
001U $0utf8
001X $00
002@ $0Aox
003@ $0392442280
007A $0392442280 $aHEB
007T $0Herdc0004268v
010@ $apol
011@ $a1977
021A $aJak język mówi Mickiewiczem w "Panu Tadeuszu"
028A $aStütz $dKatarzyna
031A $d23 $h139-149 $j1977
039B $aIn $8--Abvc--Wrocławskie Towarzystwo Naukowe$bKomisja Językowa [Tb1]. Rozprawy Komisji Językowej. - Wrocław {[u.a.] : Państw. Wydawn. Naukowe, 1959-2015. - ISSN 0084-2990 $x197700000230000861 $9047286199
045T $a7,11 $a7,39
045T $aLING $qDE-30 $2FID
lok: 39244228 78
exp: 39244228 78 1 #EPN
201B/01 $014-11-17 $t23:19:22.000
201U/01 $0utf8
203@/01 $0788540017
208@/01 $a11-11-16 $be
209A/01 $a/ $f000 $x00
220C/01 $aHerkunft: LII Vilnius / Irena Tumelytė
220C/01 $aAnmerkung: *ua
244Z/01 $2Trx $#Litauen $#Lithuania $#Litwa $#Litva $#Litva $8--Trx--Lietuva $x01 $9391193457
244Z/01 $2Trx $#Poola $#Lenkija $#Polija $#Polen Land $#Poland $#Lengyelország $#Poľsko $#Polsko $8--Trx--Polska$gkraj $x02 $9391345966
244Z/01 $aGeschichte 1798-1855 $x03
244Z/01 $#Mickiewicz, Adam $#Mickiewicz, Adam Bernard $#Mizkiewitsch, Adam $#Mickiewitz, Adam $#Mickiewicz, Adam Bernhard $#Mickevičius, Adam $#Mickevič, Adam $#Mit︠s︡kevich, Adam $#Mi-tzʿŭ-kʿai-wei-chih $#Mitski︠e︡vych, Adam $#Mitsḳievits, Adam $#Mickevičius, Adomas $#Mickewicz, Adam $#Mickjevič, Adam $#Mitsḳevits', Adam $#Mit︠s︡kevych, Adam $#Mickus $#Mickevyc, Adam $#Mickiewicz, Adamo $#Mickevičius, A. $#Mickiewicz, A. $#Mickiewicz, Ad. $#Mizkiewcz $#Mickevyč, Adam $#Mickievicz, Adam $#מיצקביץ, אדם $#מיצקעוויטש, אדאם $711873377X $8--Tp1--Mickiewicz, Adam$Z1798-1855 $x04 $9087074516
244Z/01 $2Trx $#keel, poola $#kalba, lenkų $#Language, Polish $#nyelv, lengyel $#język polski $#jazyk poľský $#jazyk polský $8--Trx--Sprache, polnische $x05 $9391356968
244Z/01 $2Trx $#keel, leedu $#kalba, lietuvių $#Language, Lithuanian $#nyelv, litván $#język litewski $#jazyk litovský $#jazyk litevský $8--Trx--Sprache, litauische $x06 $9391368664
244Z/01 $2Trx $#suhted, Leedu-Poola $#santykiai, lenkų ir lietuvių $#relations, Lithuanian-Polish $#kapcsolatok, lengyel-litván $#stosunki litewsko-polskie $#vzťahy litovsko-poľské $#vztahy litevsko-polské $8--Trx--Beziehungen, litauisch-polnische $x07 $9391364499
244Z/01 $2Trx $8--Trx--Zeitschriftenaufsatz $x08 $9391384341
245Z/01 $a11.08;12.03 $x01
247C/01 $82080>Marburg/Lahn, Herder-Institut, Forschungsbibliothek, Bibliographieportal $9336309341
| LEADER | 00000caa a22000002c 4500 | ||
|---|---|---|---|
| 001 | 392442280 | ||
| 003 | DE-603 | ||
| 005 | 20190712161347.0 | ||
| 007 | tu | ||
| 008 | 161111s1977 xx |||| | u00||u|pol c | ||
| 035 | |a (DE-599)HEB392442280 | ||
| 040 | |a DE-603 |b ger |c DE-603 |d DE-603 | ||
| 041 | |a pol | ||
| 084 | |a 7,11 |a 7,39 |2 ssgn | ||
| 084 | |a LING |q DE-30 |2 fid | ||
| 100 | 1 | |a Stütz, Katarzyna | |
| 245 | 0 | 0 | |a Jak język mówi Mickiewiczem w "Panu Tadeuszu" |
| 264 | 0 | |c 1977 | |
| 773 | 0 | 8 | |i In |a Wrocławskie Towarzystwo Naukowe. Komisja Językowa |t Rozprawy Komisji Językowej |d Wrocław [u.a.] : Państw. Wydawn. Naukowe, 1959-2015 |x 0084-2990 |g Band 23 (1977), Seite 139-149 |w (DE-603)047286199 |w (DE-600)205639-2 |
| 924 | 0 | |9 2080 |a (DE-603)788540017 |b DE-2080 |c HES |d d |g / | |


